000 00952nam a2200205 i 4500
001 82647
003 ES-MaACL
005 20240320062609.0
007 t|
008 041111s1905 sp ||||1| spa d
080 _a012:4689
245 0 0 _aIconografía de las ediciones del Quijote de Miguel de Cervantes Saavedra
_b: reproducción en facsimile de las portadas de 611 ediciones con notas bibliográficas tomadas directamente de los respectivos ejemplares (del año 1605 al 1905) /
_creunido y ordenado cronologicamente por Manuel Heinrich ; precedido de un Homenaje a Cervantes, por los editores ; prólogo, por J. Givanel ; génesis del Quijote, por Martínez Ruiz (Azorín).
260 _aBarcelona :
_bHenrich y Cª,
_c1905.
300 _a3 v. ;
_c27 cm.
700 1 _aHenrich, Manuel.
_962572
700 1 _aGivanel Mas, J. (
_d1868-1946)
_957380
700 0 _aAzorín,
_d1873-1967
_924326
852 _aES-MaACL
_jC-2315-17
999 _c82647
_d82647